The Mediterranean Seafloor /

Guardat en:
Dades bibliogràfiques
Autor principal: Garver, John B. (autor)
Altres autors: Garrett, Wilbur E. (edición) (edición)
Format: Mapa
Publicat: Washington, EUA : National Geographic Society, 1982, c1982
Matèries:
Etiquetes: Afegir etiqueta
Sense etiquetes, Sigues el primer a etiquetar aquest registre!

MARC

LEADER 00000nem^a2200000^a^4500
001 000131862
005 20250521000000.0
009 20260310095037.357
037 |a Acervo ITESO - Biblioteca 
041 |a GRA 
082 |a 912. 19822  |b GAR 
100 |a Garver, John B.  |e (autor) 
245 1 4 |a The Mediterranean Seafloor /  |c J.B. Garver ; ed. de W.E. Garrett. 
255 |a Escala 1 : 4 371 000 
264 4 |a Washington, EUA :  |b National Geographic Society,  |c 1982, c1982 
300 |a 1 mapa 
336 |a imagen cartográfica estática  |b cri  |2 rdacontenido 
337 |a sin mediación  |b n  |2 rdamedio 
338 |a mapa  |b nz  |2 rdasoporte 
546 |a Edición gráfica con texto en inglés 
649 |a XX 
650 |a Mar -  |x Fondo -  |x Mapas 
650 |a Mediterráneo (Mar) -  |x Historia -  |x Mapas 
650 |a Mediterráneo (Mar) -  |x Mapas 
650 |a Mediterráneo (Región) -  |x Historia -  |x Mapas 
650 |a Mediterráneo (Región) -  |x Mapas 
650 |a Historia Antigua -  |x Mapas 
650 |a Cartografía -  |x Mediterráneo (Mar) 
650 |a Cartografía -  |z Mediterráneo (Región) 
650 |a Geografía -  |x Mediterráneo (Mar) 
650 |a Geografía -  |z Mediterráneo (Región) 
740 4 |a The Historic Mediterranean, 800 b.C. to a.D. 1500 /  |c J.B. Garver ; ed. de W.E. Garrett. 
700 |a Garrett, Wilbur E.  |e (edición) 
910 |a Fondo General 
920 |a Gráficos - Mapas 
905 |a 503 
901 |a 0500061112  |b IT2  |c MAP  |u 20250521 
901 |a 0500147340  |b IT2  |c MAP  |u 20250521 
902 |a https://opac.biblio.iteso.mx/vufind/Record/000131862